[Event "American Continental (Women) 05th"]
[Site "Cali"]
[Date "2009.09.02"]
[Round "2"]
[White "Talavera, Ana"]
[Black "Mendoza Velazquez, Lorena Alejandra"]
[Result "0-1"]
[WhiteElo "1607"]
[BlackElo "1973"]
[PlyCount "64"]
[EventDate "2009.09.01"]
[EventType "swiss"]
[EventRounds "9"]
[EventCountry "COL"]
[SourceTitle "CBM 132 Extra"]
[Source "ChessBase"]
[SourceDate "2009.11.03"]
[SourceVersion "1"]
[SourceVersionDate "2009.11.03"]
[SourceQuality "1"]

1. d4 Nf6 2. c4 c5 3. d5 d6 4. Nc3 g6 5. Nf3 Bg7 6. Bf4 Nh5 7. Bc1 0-0 8. e4 Nf6 9. h3 e6 10. Be2 exd5 11. cxd5 Re8 12. Qd3 b5 13. 0-0 b4 14. Nb5 Nxe4 15. Rb1 a6 16. Nxd6 Nxd6 17. Qd1 Bf5 18. Bd3 Nd7 19. Bf4 Ne5 20. Bxe5 Bxe5 21. Re1 Qf6 22. Rxe5 Rxe5 23. Nxe5 Qxe5 24. Bxf5 Nxf5 25. Qb3 Rd8 26. Qc4 Qxd5 27. Qxa6 c4 28. Rc1 Nh4 29. Kf1 Qxg2+ 30. Ke2 Re8+ 31. Kd1 Qf3+ 32. Kc2 Qd3# 0-1